000 00342nam a2200121Ia 4500
008 150202s9999 xx 000 0 und d
050 _aFIC
_bFIC
100 _aAgatha, Christie.
245 _aTen little niggers /
_cChristie Ahatha.
260 _aGreat Britain :
_bFontana Books,
_c1940.
300 _a190 pages :
_c18 cm.
650 _aFiction.
999 _c281920
_d281920